Bytový dom

Uložené v:
Podrobná bibliografia
Hlavný autor: Kaufman, Denis (Autor)
Ďalší autori: Michalisková, Simona (Vedúci práce)
Médium: Rukopis Kniha
Jazyk:Slovak
Vydavateľské údaje: 2024
Predmet:
On-line prístup:http://is.stuba.sk/zp/portal_zp.pl?podrobnosti=156552
https://opac.crzp.sk/?fn=detailBiblioForm&sid=D4AFBEDDECE97BC6333E029A1374
Tagy: Pridať tag
Žiadne tagy, Buďte prvý, kto otaguje tento záznam!

MARC

LEADER 00000ntm a22000003a 4500
001 stuzp99240
003 SK-STU
005 20240920115401.2
007 ta
008 150427s2015----xo-----f-mn---000-0-slo-d
040 |a STU  |b slo 
041 0 |a slo 
100 1 |a Kaufman, Denis  |u 010180  |4 aut  |U SvF Stavebná fakulta  |T SvF Katedra konštrukcií pozemných stavieb  |X 104379  |U V180  |Y 18  |7 104379 
242 0 1 |a Residential building  |y eng 
245 1 0 |a Bytový dom 
260 |c 2024 
650 4 |a polyfunkcia  |2 slo 
650 4 |a Zvolen  |2 slo 
650 4 |a realizačný projekt  |2 slo 
650 4 |a zelená strecha  |2 slo 
650 4 |a bytový dom  |2 slo 
650 4 |a apartment building  |2 eng 
650 4 |a multifunctional  |2 eng 
650 4 |a Zvolen  |2 eng 
650 4 |a realisation project  |2 eng 
650 4 |a green roof  |2 eng 
700 1 |a Michalisková, Simona  |u 010180  |k Z3  |4 ths  |U SvF Stavebná fakulta  |T SvF Katedra konštrukcií pozemných stavieb  |X 63311  |U V180  |Y 18  |7 63311 
856 4 |u http://is.stuba.sk/zp/portal_zp.pl?podrobnosti=156552 
856 4 |u https://opac.crzp.sk/?fn=detailBiblioForm&sid=D4AFBEDDECE97BC6333E029A1374